Catálogo
 En Linea

José Antonio Ramos Sucre : (Registro nro. 11348)

Detalles MARC
000 -CABECERA
campo de control de longitud fija 00937nam a2200241 a 4500
001 - NÚMERO DE CONTROL
campo de control 000011660
005 - FECHA Y HORA DE LA ÚLTIMA TRANSACCIÓN
campo de control 20200929162522.0
008 - DATOS DE LONGITUD FIJA--INFORMACIÓN GENERAL
campo de control de longitud fija 091022s1996 ve 001 p spa d
020 ## - NÚMERO INTERNACIONAL ESTÁNDAR DEL LIBRO
Número Internacional Estándar del Libro 9802340529
040 ## - FUENTE DE LA CATALOGACIÓN
Centro catalogador/agencia de origen DO-SdBNP
Lengua de catalogación spa
Centro/agencia transcriptor BNPHU
082 ## - NÚMERO DE LA CLASIFICACIÓN DECIMAL DEWEY
Número de clasificación V861.44
Número de documento/Ítem R175B
049 ## - FONDOS LOCALES (OCLC)
Fondos de biblioteca BNGR
100 1# - ENTRADA PRINCIPAL--NOMBRE DE PERSONA
Nombre de persona Bravo, Víctor
Fechas asociadas al nombre 1949-
9 (RLIN) 27631
245 10 - MENCIÓN DE TÍTULO
Título José Antonio Ramos Sucre :
Resto del título poeta del mal y el dolor /
Mención de responsabilidad, etc. Víctor Bravo.
260 ## - PUBLICACIÓN, DISTRIBUCIÓN, ETC.
Lugar de publicación, distribución, etc. Caracas, Venezuela :
Nombre del editor, distribuidor, etc. Cultura Universitaria,
Fecha de publicación, distribución, etc. 1996.
300 ## - DESCRIPCIÓN FÍSICA
Extensión 61, [2] p. ;
Dimensiones 22 cm.
490 1# - MENCIÓN DE SERIE
Mención de serie Bienal Lieteraria José Antonio Ramos Sucre
500 ## - NOTA GENERAL
Nota general Premio Mención Ensayo, noviembre 1995
600 10 - PUNTO DE ACCESO ADICIONAL DE MATERIA--NOMBRE DE PERSONA
Nombre de persona RAMOS SUCRE, JOSÉ ANTONIO
Subdivisión general CRÍTICA E INTERPRETACIÓN
Fechas asociadas al nombre 1890-1930
9 (RLIN) 27632
650 #4 - PUNTO DE ACCESO ADICIONAL DE MATERIA--TÉRMINO DE MATERIA
Término de materia o nombre geográfico como elemento de entrada Poesía venezolana
Subdivisión general Crítica e interpretación
9 (RLIN) 27633
650 #4 - PUNTO DE ACCESO ADICIONAL DE MATERIA--TÉRMINO DE MATERIA
Término de materia o nombre geográfico como elemento de entrada Literatura venezolana
Subdivisión general Crítica e interpretación
Subdivisión cronológica SIGLO XX
9 (RLIN) 27634
830 #0 - PUNTO DE ACCESO ADICIONAL DE SERIE-TÍTULO UNIFORME
Título uniforme Bienal Lieteraria José Antonio Ramos Sucre
9 (RLIN) 27635
Existencias
Estado de retiro Estado de pérdida Restricciones de uso No para préstamo Código de colección Localización permanente Ubicación/localización actual Ubicación en estantería Fecha de adquisición Número de inventario Total de préstamos Signatura topográfica completa Código de barras Fecha visto por última vez Precio válido a partir de Tipo de ítem Koha Número de copia
    Préstamo interno   Monografías: Libros y Folletos General General En catalogación 22.10.2009 LF1   V861.44 R175B 11660-10 25.06.2020 25.06.2020 Préstamo interno  
    Préstamo restringido Préstamo restrigido Monografías: Libros y Folletos General General En catalogación 22.10.2009 LF1   V861.44 R175B 11660-20 25.06.2020 25.06.2020 Préstamo interno e. 2
    Préstamo interno   Monografías: Libros y Folletos General General En catalogación 22.10.2009 LF1   V861.44 R175B 11660-30 25.06.2020 25.06.2020 Préstamo interno e. 3

Con tecnología Koha